00000000nas 2200000zi 4500
0019.899776
003CaOODSP
00520250103113428
006m     o  d f      
007cr |||||||||||
008210513d20212022oncar p o    f0   b0fre|d
022 |a2563-9978
040 |aCaOODSP|bfre
043 |an-cn---
0861 |aRv1-40F-PDF
1102 |aAgence du revenu du Canada.|eauteur, |eorganisme de publication.
222 0|aRapport d'étape partiel sur la stratégie ministérielle de développement durable de ... de l'Agence du revenu du Canada
24510|aRapport d'étape partiel sur la stratégie ministérielle de développement durable de ... de l'Agence du revenu du Canada.
264 1|a[Ottawa] : |bAgence du revenu du Canada = Canada Revenue Agency, |c[2021-2022]
310 |aAnnuel
336 |atexte|btxt|2rdacontent/fre
337 |ainformatique|bc|2rdamedia/fre
338 |aressource en ligne|bcr|2rdacarrier/fre
3621 |aParaît depuis 2020/2021; ne paraît plus après 2021/2022.
500 |aPubl. aussi en anglais sous le titre : Canada Revenue Agency's ... departmental sustainable development strategy interim report.
580 |aFusionné avec : Rapport du fin d'année sur la Stratégie ministérielle de développement durable de ... de l'Agence du revenu du Canada, et devient : Rapport sur la Stratégie ministérielle de développement durable de …
588 |aDescription d'après : 2020/2021.
588 |aDernière livraison consultée : 2020/2021.
61026|aAgence du revenu du Canada|vPériodiques.
650 6|aDéveloppement durable|zCanada|vPériodiques.
655 7|aPériodiques|2rvmgf
77508|tCanada Revenue Agency's ... departmental sustainable development strategy interim report. |w(CaOODSP)9.899774
78500|tRapport sur la stratégie ministérielle de développement durable de ... / |w(CaOODSP)9.942569